[Event "Miranda Waraira CC op"]
[Site "Miranda"]
[Date "2022.08.28"]
[Round "4"]
[White "Peinado Piamo, Rafael Vicente"]
[Black "Gonzalez Viana, Angel Yosuet"]
[Result "1-0"]
[WhiteElo "1344"]
[BlackElo "1563"]
[PlyCount "107"]
[EventDate "2022.08.26"]
[EventType "swiss"]
[EventRounds "5"]
[EventCountry "VEN"]
[SourceTitle "EXT 2024"]
[Source "ChessBase"]
[SourceDate "2023.10.10"]
[SourceVersion "1"]
[SourceVersionDate "2023.10.10"]
[SourceQuality "1"]

1. e4 c5 2. Nf3 Nc6 3. d4 cxd4 4. Nxd4 Nf6 5. Nc3 e5 6. Ndb5 d6 7. Nd5 Nxd5 8. exd5 Nb8 9. c4 Be7 10. Bd3 0-0 11. 0-0 f5 12. f3 Nd7 13. Qe2 Nc5 14. Bc2 a6 15. Nc3 Qb6 16. Kh1 f4 17. Rb1 a5 18. Qf2 Qd8 19. a3 Bh4 20. g3 Bg5 21. b4 fxg3 22. Bxg5 Qxg5 23. hxg3 axb4 24. axb4 Ra3 25. Nb5 Raxf3 26. Qxf3 Rxf3 27. Rxf3 Qh5+ 28. Kg2 Bg4 29. Rc3 e4 30. bxc5 Bf3+ 31. Kf2 Qh2+ 32. Ke3 Qe2+ 33. Kf4 Qd2+ 34. Kf5 Qh6 35. Rxf3 exf3 36. Nxd6 Qg6+ 37. Kf4 Qxc2 38. Rxb7 g5+ 39. Kxf3 Qc3+ 40. Ke4 Qe1+ 41. Kf3 Qd1+ 42. Ke4 Qg4+ 43. Ke5 Qxg3+ 44. Kf6 Qf4+ 45. Nf5 h5 46. Kg6 Qe5 47. Re7 Qb8 48. Nd6 g4 49. Re8+ Qxe8+ 50. Nxe8 g3 51. Nf6+ Kf8 52. Nh7+ Ke7 53. Ng5 g2 54. Nh3 1-0

[Event "Miranda Waraira CC op"]
[Site "Miranda"]
[Date "2022.08.27"]
[Round "2"]
[White "Guerrero Corniel, Gabriela Aleja"]
[Black "Gonzalez Viana, Angel Yosuet"]
[Result "0-1"]
[WhiteElo "1463"]
[BlackElo "1563"]
[PlyCount "64"]
[EventDate "2022.08.26"]
[EventType "swiss"]
[EventRounds "5"]
[EventCountry "VEN"]
[SourceTitle "EXT 2024"]
[Source "ChessBase"]
[SourceDate "2023.10.10"]
[SourceVersion "1"]
[SourceVersionDate "2023.10.10"]
[SourceQuality "1"]

1. d4 Nf6 2. c4 c5 3. d5 b5 4. cxb5 a6 5. b6 Qxb6 6. Nc3 e6 7. e4 exd5 8. Nxd5 Nxd5 9. exd5 Be7 10. Qc2 Bb7 11. Bc4 0-0 12. Nf3 Bf6 13. 0-0 d6 14. Qf5 Bc8 15. Qh5 g6 16. Qh6 Bg7 17. Qh4 Bf5 18. Bh6 Qxb2 19. Bxg7 Kxg7 20. Qe7 Qf6 21. Qb7 Nd7 22. Bxa6 Rab8 23. Qc7 Rb6 24. Bc8 Rxc8 25. Qxc8 Ne5 26. Qc7 Nxf3+ 27. Kh1 Rb4 28. Qa5 Rh4 29. h3 Bxh3 30. gxh3 Rxh3+ 31. Kg2 Rh2+ 32. Kg3 h5 0-1

[Event "Las Americas op U1800 Hybrid"]
[Site "Internet"]
[Date "2022.06.04"]
[Round "2.9"]
[White "De Dios Suarez, Mayra Valentina"]
[Black "Gonzalez Viana, Angel Yosuet"]
[Result "0-1"]
[WhiteElo "1466"]
[BlackElo "1665"]
[PlyCount "68"]
[EventDate "2022.06.04"]
[EventType "swiss"]
[EventRounds "6"]
[EventCountry "VEN"]
[SourceTitle "EXT 2024"]
[Source "ChessBase"]
[SourceDate "2023.10.10"]
[SourceVersion "1"]
[SourceVersionDate "2023.10.10"]
[SourceQuality "1"]

1. e4 c5 2. Nf3 d6 3. d4 cxd4 4. Nxd4 Nf6 5. Nc3 a6 6. f3 e5 7. Nb3 Be6 8. Be3 Be7 9. Qd2 h5 10. h4 Nc6 11. 0-0-0 Rc8 12. Nd5 Bxd5 13. exd5 Nb8 14. Kb1 Nbd7 15. c4 Nb6 16. Rc1 0-0 17. Be2 e4 18. Nd4 Qd7 19. b3 Rfe8 20. f4 Ng4 21. f5 Bf6 22. Bxg4 hxg4 23. Rcf1 Qe7 24. g3 Nd7 25. h5 Ne5 26. Ne2 Nf3 27. Qc1 Qe5 28. h6 Qa1+ 29. Kc2 Qxa2+ 30. Kd1 Qxb3+ 31. Qc2 Qxe3 32. hxg7 Rxc4 33. Qa2 Qd3+ 34. Qd2 Qxd2# 0-1

[Event "Las Americas op U1800 Hybrid"]
[Site "Internet"]
[Date "2022.06.04"]
[Round "5.15"]
[White "Gonzalez Viana, Angel Yosuet"]
[Black "Moreno Rojas, Luis Eduardo"]
[Result "1-0"]
[WhiteElo "1665"]
[BlackElo "1576"]
[PlyCount "67"]
[EventDate "2022.06.04"]
[EventType "swiss"]
[EventRounds "6"]
[EventCountry "VEN"]
[SourceTitle "EXT 2024"]
[Source "ChessBase"]
[SourceDate "2023.10.10"]
[SourceVersion "1"]
[SourceVersionDate "2023.10.10"]
[SourceQuality "1"]

1. e4 e5 2. Nf3 Nc6 3. Bb5 d6 4. d4 Bd7 5. 0-0 g6 6. Nc3 Bg7 7. Bg5 Nge7 8. Nd5 f6 9. Bxf6 0-0 10. dxe5 Re8 11. Qd3 Qc8 12. Rad1 Nxd5 13. Qxd5+ Be6 14. Qd2 dxe5 15. Bxg7 Kxg7 16. Bxc6 bxc6 17. Nxe5 c5 18. Qc3 Kg8 19. Qxc5 Qb7 20. Nd7 Qxb2 21. c3 Kg7 22. Qe5+ Kh6 23. Nf6 Re7 24. Rb1 Qa3 25. Rb4 a5 26. Rb5 Qd6 27. Qg5+ Kg7 28. Nh5+ Kf8 29. Qf6+ Kg8 30. e5 Qd7 31. Rfb1 Rf8 32. Rb8 Ree8 33. Rxe8 Qxe8 34. Qg7# 1-0

[Event "Las Americas Team op U2400 Hybrid"]
[Site "Internet"]
[Date "2022.05.14"]
[Round "4.3"]
[White "Gonzalez Viana, Angel Yosuet"]
[Black "Arenas Lavado, Luciana Andrea"]
[Result "1-0"]
[WhiteElo "1558"]
[BlackElo "1378"]
[PlyCount "111"]
[EventDate "2022.05.14"]
[EventType "team-swiss"]
[EventRounds "5"]
[EventCountry "VEN"]
[SourceTitle "EXT 2023"]
[Source "ChessBase"]
[SourceDate "2022.10.05"]
[SourceVersion "1"]
[SourceVersionDate "2022.10.05"]
[SourceQuality "1"]

1. e4 c5 2. Nf3 e6 3. d4 cxd4 4. Nxd4 a6 5. Nc3 Qc7 6. Be2 Nf6 7. a3 b5 8. 0-0 Bb7 9. Bf3 Nc6 10. Bg5 Be7 11. Re1 Ne5 12. Be2 h6 13. Bf4 d6 14. Bg3 0-0 15. f3 Nc4 16. Qc1 Rac8 17. Bxc4 Qxc4 18. Qd2 d5 19. e5 Nd7 20. Nce2 Bc5 21. b3 Bxd4+ 22. Nxd4 Qc3 23. Qxc3 Rxc3 24. Re2 Rfc8 25. Be1 R3c7 26. Ba5 Rc5 27. Bb4 R5c7 28. a4 Bc6 29. Bd6 Rb7 30. Re3 b4 31. c3 Nf8 32. Bxb4 Be8 33. f4 Nd7 34. f5 Nc5 35. Bxc5 Rxc5 36. b4 Rc4 37. fxe6 Rbc7 38. exf7+ Bxf7 39. e6 Be8 40. Ra3 g6 41. b5 a5 42. Re5 R4c5 43. e7 Kf7 44. c4 dxc4 45. Rf3+ Kg8 46. Rf8+ Kh7 47. Rxc5 Rxc5 48. Rxe8 c3 49. Rh8+ Kxh8 50. e8Q+ Kh7 51. Qe7+ Kh8 52. Qxc5 c2 53. Qxc2 Kh7 54. Qc7+ Kh8 55. Ne6 Kg8 56. Qg7# 1-0

[Event "Las Americas Team op U2400 Hybrid"]
[Site "Internet"]
[Date "2022.05.14"]
[Round "1.7"]
[White "Mason, Kriston"]
[Black "Gonzalez Viana, Angel Yosuet"]
[Result "0-1"]
[WhiteElo "1381"]
[BlackElo "1558"]
[PlyCount "56"]
[EventDate "2022.05.14"]
[EventType "team-swiss"]
[EventRounds "5"]
[EventCountry "VEN"]
[SourceTitle "EXT 2023"]
[Source "ChessBase"]
[SourceDate "2022.10.05"]
[SourceVersion "1"]
[SourceVersionDate "2022.10.05"]
[SourceQuality "1"]

1. d4 d5 2. c4 e6 3. e3 a6 4. Nf3 Nf6 5. Be2 dxc4 6. Bxc4 b5 7. Be2 c5 8. 0-0 Bb7 9. a4 Qb6 10. dxc5 Bxc5 11. Qb3 Bd5 12. Qd1 b4 13. Nbd2 0-0 14. Nc4 Qc7 15. Nce5 Nc6 16. Nd3 Ba7 17. Bd2 a5 18. Rc1 Rac8 19. h3 Bb8 20. g3 Ne4 21. Be1 Rfd8 22. Nd4 Qe7 23. Nf3 Qf6 24. h4 g5 25. hxg5 Nxg5 26. Nxg5 Qxg5 27. Bd2 Bxg3 28. Nf4 Bxf4+ 0-1

[Event "Hibrido del Sur op U2000 6th"]
[Site "Tornelo INT"]
[Date "2022.02.26"]
[Round "6"]
[White "Gonzalez Viana, Angel Yosuet"]
[Black "Matos Parra, Erick David"]
[Result "1-0"]
[WhiteElo "1592"]
[BlackElo "1165"]
[PlyCount "145"]
[EventDate "2022.02.26"]
[EventType "swiss"]
[EventRounds "6"]
[EventCountry "VEN"]
[SourceTitle "EXT 2023"]
[Source "ChessBase"]
[SourceDate "2022.10.05"]
[SourceVersion "1"]
[SourceVersionDate "2022.10.05"]
[SourceQuality "1"]

1. e4 e5 2. Nf3 Nc6 3. Bc4 Bc5 4. c3 Nf6 5. d3 d6 6. h3 Be6 7. Bxe6 fxe6 8. Ng5 Qe7 9. Qb3 Nd8 10. Be3 Bxe3 11. fxe3 h6 12. Nf3 0-0 13. Nbd2 c6 14. 0-0-0 Nf7 15. g4 d5 16. g5 hxg5 17. Rhg1 Rab8 18. Nxg5 Nxg5 19. Rxg5 Nxe4 20. Nxe4 dxe4 21. Rxe5 exd3 22. Rxd3 Rf1+ 23. Rd1 Rxd1+ 24. Qxd1 Rd8 25. Qg4 Qd6 26. Qxe6+ Qxe6 27. Rxe6 Kf7 28. Re4 g5 29. h4 gxh4 30. Rxh4 Kg6 31. Rd4 Rb8 32. Rf4 Re8 33. Kd2 Kg5 34. Rf7 Rb8 35. e4 Kg6 36. Rf2 Re8 37. Ke3 c5 38. Rf5 b6 39. Kf4 Re7 40. e5 Re6 41. Ke4 Re7 42. Rf6+ Kg5 43. Kd5 Rd7+ 44. Rd6 Re7 45. Rf6 Rd7+ 46. Ke6 Rd2 47. Rf7 Rxb2 48. Ke7 Rxa2 49. e6 Re2 50. Rf3 Kg6 51. Kd7 Rd2+ 52. Ke8 Re2 53. e7 Kg7 54. Rg3+ Kf6 55. Kf8 Rxe7 56. Rf3+ Ke6 57. Re3+ Kd6 58. Rxe7 a5 59. c4 Kc6 60. Re6+ Kc7 61. Ke7 a4 62. Kf6 Kb7 63. Kf5 Ka6 64. Ke4 Ka5 65. Kd3 b5 66. cxb5 Kxb5 67. Kc3 a3 68. Kb3 a2 69. Kxa2 Kb4 70. Kb2 c4 71. Re4 Kc5 72. Kc3 Kd5 73. Rxc4 1-0